La democracia liberal y su época

Saved in:
书目详细资料
主要作者: Macpherson, Crawford Brough (autor)
格式: 图书
语言:西班牙语
出版: Madrid Alianza 2003
版:1a. ed
丛编:Ciencias Sociales, 3424
主题:
标签: 添加标签
没有标签, 成为第一个标记此记录!

MARC

LEADER 00000cam a2200000 a 4500
001 UCD8813
003 CL-VaPUC
008 170527e20030000sp |||||||||||||||||spa|d
020 |a 9788420655598 
082 0 4 |a 321.8  |b MAC  |2 21 
100 |a Macpherson, Crawford Brough  |e autor  |9 592334 
245 1 3 |a La democracia liberal y su época 
250 |a 1a. ed 
300 |a 162 p 
942 |c BK 
945 |d 20170527 00:32:00  |a dcastane 
260 |a Madrid  |b Alianza  |c 2003 
650 0 |a Democracia  |9 255256 
650 0 |a Liberalismo  |9 255715 
650 0 |a Ideologías políticas   |9 255735 
583 |a last modification  |c 20170527 00:32:00  |k Rodrigo Vera 
490 0 |a Ciencias Sociales, 3424 
999 |c 368121  |d 368119 
952 |0 0  |1 0  |3 erb  |4 0  |6 321_800000000000000_MAC_2003  |7 0  |8 A  |9 483383  |a BIBEDU  |b BIBEDU  |i 5377382  |o 321.8 MAC 2003  |p 5377382  |r 2019-11-24  |w 2019-11-24  |y BK  |z Catalogado en:20170527  |k FIL